Largest Cities in the World Beginning With 'An' - Statistics

General Stats
  • This quiz has been taken 45 times
  • The average score is 6 of 19
Answer Stats
# Population Nat. Answer % Correct
1 5,200,000 Turkey Ankara
100%
2 3,150,000 Madagascar Antananarivo
80%
7 1,270,000 Belgium Antwerp
80%
6 1,400,000 Turkey Antalya
76%
5 1,780,000 Philippines Angeles
54%
3 2,350,000 China Ānshān
49%
12 420,300 Brazil Anápolis
44%
4 1,960,000 China Ānyáng
32%
16 352,638 Chile Antofagasta
29%
14 373,875 United States Ann Arbor
22%
19 326,205 United States Antioch
15%
10 492,425 Uzbekistan Andijan
10%
17 342,703 Algeria Annaba
7%
15 368,279 Turkey Antakya
7%
8 728,501 China Ānqìng
5%
9 514,068 China Ānkāng
2%
13 399,779 China Anning
2%
11 458,893 China Anqiu
2%
18 340,613 India Anantapur
0%
No matching quizzes found
Score Distribution
Percent of People with Each Score
Percentile by Number Answered
Your Score History
You have not taken this quiz